<?xml version="1.0" encoding="UTF-8"?><?xml-stylesheet type="text/xsl" href="static/style.xsl"?><OAI-PMH xmlns="http://www.openarchives.org/OAI/2.0/" xmlns:xsi="http://www.w3.org/2001/XMLSchema-instance" xsi:schemaLocation="http://www.openarchives.org/OAI/2.0/ http://www.openarchives.org/OAI/2.0/OAI-PMH.xsd"><responseDate>2026-04-17T20:09:56Z</responseDate><request verb="GetRecord" identifier="oai:www.recercat.cat:10256/25167" metadataPrefix="marc">https://recercat.cat/oai/request</request><GetRecord><record><header><identifier>oai:recercat.cat:10256/25167</identifier><datestamp>2024-10-29T21:06:40Z</datestamp><setSpec>com_2072_452955</setSpec><setSpec>com_2072_2054</setSpec><setSpec>col_2072_453067</setSpec></header><metadata><record xmlns="http://www.loc.gov/MARC21/slim" xmlns:dcterms="http://purl.org/dc/terms/" xmlns:xsi="http://www.w3.org/2001/XMLSchema-instance" xmlns:doc="http://www.lyncode.com/xoai" xsi:schemaLocation="http://www.loc.gov/MARC21/slim http://www.loc.gov/standards/marcxml/schema/MARC21slim.xsd">
   <leader>00925njm 22002777a 4500</leader>
   <datafield ind2=" " ind1=" " tag="042">
      <subfield code="a">dc</subfield>
   </datafield>
   <datafield ind2=" " ind1=" " tag="720">
      <subfield code="a">Ros Massana, Rosa</subfield>
      <subfield code="e">author</subfield>
   </datafield>
   <datafield ind2=" " ind1=" " tag="260">
      <subfield code="c">2020-06</subfield>
   </datafield>
   <datafield ind2=" " ind1=" " tag="520">
      <subfield code="a">This article draws on the payroll books of two companies to analyse the highly irregular work patterns in the Catalan  cork  industry,  which  were  the  result  of  flexible  labour  management  by  companies  that  were  very  much exposed to international competition, but also of the survival of traditional forms of leisure in a sector characterized by a strong craft culture. The fact that the sector was organized as an industrial district, which facilitated the turnover of skilled workers and allowed household production, played a crucial role in shaping these labour patterns</subfield>
   </datafield>
   <datafield ind2=" " ind1=" " tag="520">
      <subfield code="a">Este artículo analiza, a partir de las nóminas de dos empresas, las pautas laborales sumamente irregulares en la industria corchotaponera catalana, resultado de una gestión flexible del trabajo por parte de unas empresas muy expuestas a la competencia internacional, pero también de la pervivencia de formas tradicionales de ocio en un sector caracterizado por una fuerte cultura de oficio. La organización del sector en forma de distrito in-dustrial,  que  facilitaba  la  circulación  de  trabajadores  cualificados  y  que  permitía  la  producción  a  domicilio,  tuvo un papel crucial en la configuración de estas pautas laborales</subfield>
   </datafield>
   <datafield ind1="8" ind2=" " tag="024">
      <subfield code="a">http://hdl.handle.net/10256/25167</subfield>
   </datafield>
   <datafield tag="653" ind2=" " ind1=" ">
      <subfield code="a">Indústria surera -- Història</subfield>
   </datafield>
   <datafield tag="653" ind2=" " ind1=" ">
      <subfield code="a">Cork industry -- History</subfield>
   </datafield>
   <datafield tag="653" ind2=" " ind1=" ">
      <subfield code="a">Cork industry -- Employees -- Salaris</subfield>
   </datafield>
   <datafield tag="653" ind2=" " ind1=" ">
      <subfield code="a">Cork industry -- Employees -- Wages</subfield>
   </datafield>
   <datafield tag="653" ind2=" " ind1=" ">
      <subfield code="a">Història econòmica</subfield>
   </datafield>
   <datafield tag="653" ind2=" " ind1=" ">
      <subfield code="a">Economic history</subfield>
   </datafield>
   <datafield tag="653" ind2=" " ind1=" ">
      <subfield code="a">Organització del treball</subfield>
   </datafield>
   <datafield tag="653" ind2=" " ind1=" ">
      <subfield code="a">Methods engineering</subfield>
   </datafield>
   <datafield ind2="0" ind1="0" tag="245">
      <subfield code="a">Rotación e irregularidad del trabajo en un distrito industrial exportador. La industria corchotaponera (1891-1910)</subfield>
   </datafield>
</record></metadata></record></GetRecord></OAI-PMH>